000 00652nam a2200241Ia 4500
003 OSt
005 20220918174000.0
006 a|||||r|||| 00| 0
007 ta
008 220917b |||||||| |||| 00| 0 eng d
024 _a9,629
037 _cTextual
040 _aARTS
_cARTS
_beng
041 _2eng
_aeng
082 _aM1g, K7
100 _aNicholson Margaret
_948696
245 0 _aPractical style guide for authors and editord
260 _aNew York
_bHolt Rinehart and Winston
_c1967
300 _axiii,143p
_ccm.
650 _aINDUSTRIAL ARTS
942 _hM1g, K7
_cTEXL
_2CC
999 _c151267
_d151267